[Event "GER-chA Seniors 16th"]
[Site "Templin"]
[Date "2004.09.04"]
[Round "1"]
[White "Bosbach, Manfred"]
[Black "Dorawa, Bernhard"]
[Result "1/2-1/2"]
[WhiteElo "1791"]
[BlackElo "1889"]
[PlyCount "57"]
[EventDate "2004.09.04"]
[EventType "swiss"]
[EventRounds "9"]
[EventCountry "GER"]
[SourceTitle "EXT 2005"]
[Source "ChessBase"]
[SourceDate "2004.11.15"]
[SourceVersion "1"]
[SourceVersionDate "2004.11.15"]
[SourceQuality "1"]

1. e4 c5 2. Nc3 Nc6 3. g3 g6 4. Bg2 Bg7 5. d3 d6 6. Be3 e6 7. Qd2 Bd7 8. Nd1 Nge7 9. c3 Ne5 10. h3 c4 11. d4 Nd3+ 12. Kf1 h5 13. Ne2 e5 14. f4 Nc6 15. Nf2 Nxf2 16. Kxf2 f6 17. Bf3 Qc7 18. g4 hxg4 19. hxg4 0-0-0 20. f5 gxf5 21. exf5 Qa5 22. d5 Ne7 23. b4 Qa4 24. Ng3 Be8 25. Rxh8 Bxh8 26. Rh1 Bf7 27. Rh7 Qe8 28. Bxa7 Qg8 29. Qh6 1/2-1/2

[Event "Sachsen-ch Seniors 13th"]
[Site "Dresden"]
[Date "2004.07.20"]
[Round "7"]
[White "Dorawa, Bernhard"]
[Black "Mueller, Siegmar"]
[Result "1/2-1/2"]
[WhiteElo "2135"]
[BlackElo "2089"]
[PlyCount "133"]
[EventDate "2004.07.15"]
[EventType "swiss"]
[EventRounds "9"]
[EventCountry "GER"]
[SourceTitle "EXT 2006"]
[Source "ChessBase"]
[SourceDate "2005.11.24"]
[SourceVersion "1"]
[SourceVersionDate "2005.11.24"]
[SourceQuality "1"]

1. e4 b6 2. d4 Bb7 3. Nc3 e6 4. a3 Nf6 5. Bd3 c5 6. Nf3 cxd4 7. Nxd4 Nc6 8. Be3 Bc5 9. Nxc6 Bxc6 10. Qe2 Bxe3 11. Qxe3 d5 12. exd5 Nxd5 13. Qg3 0-0 14. 0-0-0 Qf6 15. Ne4 Qf4+ 16. Kb1 h6 17. c4 Qxg3 18. hxg3 Ne7 19. f3 Rfd8 20. g4 Rac8 21. b3 Kf8 22. Kb2 Ng6 23. Nf2 Nf4 24. Bf1 Ke7 25. Rxd8 Rxd8 26. Kc2 f6 27. Nd3 Nxd3 28. Bxd3 a5 29. Kc3 Rc8 30. Kd4 Rd8+ 31. Ke3 Rd6 32. b4 Bb7 33. c5 bxc5 34. bxc5 Rd5 35. Rc1 Kd7 36. f4 Kc7 37. Be4 Rd8 38. c6 Ba8 39. Rc4 Rd6 40. g5 hxg5 41. fxg5 f5 42. Bf3 Bxc6 43. g4 Kb6 44. gxf5 exf5 45. a4 Re6+ 46. Kf4 Bxf3 47. Kxf3 g6 48. Rc8 Rc6 49. Rf8 Kc5 50. Kf2 Kd5 51. Ra8 Rc5 52. Ra6 Ke4 53. Rxg6 Kf4 54. Rg8 Rc2+ 55. Ke1 Rc4 56. g6 Rxa4 57. g7 Re4+ 58. Kf2 Re7 59. Ra8 Rxg7 60. Rxa5 Re7 61. Ra4+ Re4 62. Ra8 Rb4 63. Ra2 Kg4 64. Kg2 f4 65. Rc2 f3+ 66. Kf2 Kf4 67. Ra2 1/2-1/2

[Event "Sachsen-ch Seniors 13th"]
[Site "Dresden"]
[Date "2004.07.16"]
[Round "3"]
[White "Dorawa, Bernhard"]
[Black "Meier, Wolfgang"]
[Result "1/2-1/2"]
[WhiteElo "2135"]
[BlackElo "2114"]
[PlyCount "63"]
[EventDate "2004.07.15"]
[EventType "swiss"]
[EventRounds "9"]
[EventCountry "GER"]
[SourceTitle "EXT 2006"]
[Source "ChessBase"]
[SourceDate "2005.11.24"]
[SourceVersion "1"]
[SourceVersionDate "2005.11.24"]
[SourceQuality "1"]

1. e4 c5 2. Nc3 Nc6 3. Nge2 g6 4. g3 Bg7 5. Bg2 d6 6. d3 e6 7. Be3 Nge7 8. Qd2 Nd4 9. Nd1 Nxe2 10. Qxe2 Bd7 11. Qd2 Nc6 12. Bh6 Bxh6 13. Qxh6 Qe7 14. Qd2 0-0-0 15. Ne3 h5 16. h4 Kb8 17. 0-0-0 Rc8 18. Kb1 Rhd8 19. f4 Nd4 20. c3 Nb5 21. Rhf1 Bc6 22. f5 d5 23. fxg6 fxg6 24. exd5 exd5 25. d4 Qc7 26. Bh3 Bd7 27. Nxd5 Qxg3 28. Bxd7 Rxd7 29. Qf4+ Qxf4 30. Nxf4 cxd4 31. cxd4 Rxd4 32. Rxd4 1/2-1/2